Only the paranoid survive : How to exploit the crisis points that challenge every company and career
Shranjeno v:
| Glavni avtor: | |
|---|---|
| Format: | Knjiga |
| Jezik: | Undetermined |
| Izdano: |
New York
Currency Double day
1996
|
| Teme: | |
| Oznake: |
Označite
Brez oznak, prvi označite!
|
| Thư viện lưu trữ: | Trung tâm Học liệu Trường Đại học Cần Thơ |
|---|
| LEADER | 00595nam a2200193Ia 4500 | ||
|---|---|---|---|
| 001 | CTU_82628 | ||
| 008 | 210402s9999 xx 000 0 und d | ||
| 082 | |a 658.4 | ||
| 082 | |b G883 | ||
| 100 | |a Grove, Andrew S. | ||
| 245 | 0 | |a Only the paranoid survive : | |
| 245 | 0 | |b How to exploit the crisis points that challenge every company and career | |
| 245 | 0 | |c Andrew S. Grove | |
| 260 | |a New York | ||
| 260 | |b Currency Double day | ||
| 260 | |c 1996 | ||
| 650 | |a Organizational change,Strategic planning | ||
| 904 | |i QHieu(sửa) | ||
| 980 | |a Trung tâm Học liệu Trường Đại học Cần Thơ | ||